|
|
|
|
| LEADER |
00000cam a2200000 a 4500 |
| 001 |
vtls001470619 |
| 003 |
SK-MaSNL |
| 005 |
20260301191542.0 |
| 008 |
240315s2003 xo g n 000 0 slo |
| 015 |
|
|
|a SNBA2005/02-00581
|
| 020 |
|
|
|a 8071414115
|q (brož.)
|
| 035 |
|
|
|a SNK000425923
|
| 035 |
|
|
|a urn:nbn:sk:snk-amjdmr
|
| 035 |
|
|
|a urn:nbn:sk:snk-am003ogh
|
| 035 |
|
|
|a 603BC335-106C-42E7-A248-4CEFE218922D
|
| 040 |
|
|
|a SNK
|b slo
|c SNK
|e AACR2
|
| 041 |
1 |
|
|a slo
|h ger
|
| 044 |
|
|
|a xo
|c SK
|
| 072 |
|
7 |
|a 27-5
|x Kresťanské umenie a symbolika. Duchovný život
|2 konspekt
|
| 080 |
|
|
|a 272-1/-9
|2 1997
|
| 080 |
|
|
|a (0:82-4)
|2 1997
|
| 080 |
|
|
|a (041)
|2 1997
|
| 080 |
|
|
|a 272-534.35
|2 1997
|
| 100 |
1 |
|
|a Madinger, Herbert
|4 aut
|9 288310
|
| 240 |
1 |
4 |
|a Der Lichtreiche Rosenkranz
|l Slovensky
|
| 245 |
1 |
0 |
|a Ruženec svetla
|c Herbert Madinger ; [z nemeckého originálu preložila Mária Feriancová]
|
| 250 |
|
|
|a [1. vyd.]
|
| 260 |
|
|
|a Trnava
|b Dobrá kniha
|c 2003
|
| 300 |
|
|
|a 29 s.
|c 17 cm
|
| 504 |
|
|
|a Bibliogr. odkazy ; pozn.
|
| 650 |
0 |
7 |
|a ruženec
|2 SNKPH
|9 1980
|
| 650 |
0 |
7 |
|a kresťanská modlitba
|2 SNKPH
|9 2009
|
| 650 |
0 |
7 |
|a učenie katolíckej cirkvi
|2 SNKPH
|9 64342
|
| 655 |
|
7 |
|a úvahy
|2 SNKPH
|9 29403
|
| 655 |
|
7 |
|a brožúry
|2 SNKPH
|9 70146
|
| 700 |
1 |
|
|a Feriancová, Mária
|4 trl
|9 568314
|
| 919 |
|
|
|a 80-7141-411-5
|
| 958 |
|
|
|a NB
|
| 958 |
|
|
|a NT
|
| 958 |
|
|
|a TL
|
| 958 |
|
|
|a OP
|
| 968 |
|
|
|a SLO
|b DT
|
| 999 |
|
|
|c 871439
|d 873369
|
| 952 |
|
|
|a SNK
|b SNK
|y PREZ
|7 0
|p 17A0420373
|o snkSD 73653
|i snkKSP 3643/2004
|0 0
|1 0
|4 0
|d 2004-03-10
|l 0
|r 2025-11-20 00:00:00
|w 2026-02-24
|
| 952 |
|
|
|a SNK
|b SNK
|y VYP
|7 0
|p 17A0420372
|o snkSD 73653 D1
|i snkKSP 3644/2004
|0 0
|1 0
|4 0
|d 2004-03-10
|f 1
|l 0
|r 2005-01-02 00:00:00
|w 2026-02-24
|